Технология бетона, строительных изделий и конструкций (Запись № 12890473)

Подробности
000 -МАРКЕР
контрольное поле 03472nam0a2200457 4500
001 - ИДЕНТИФИКАТОР ЗАПИСИ
контрольное поле RU\NLR\BIBL_A\012704778
005 - ИДЕНТИФИКАТОР ВЕРСИИ
контрольное поле 20250624123447.0
010 ## - МЕЖДУНАРОДНЫЙ СТАНДАРТНЫЙ НОМЕР КНИГИ (ISBN)
Номер (ISBN) 978-5-907331-65-5
Тираж 150
021 ## - НОМЕР ГОСУДАРСТВЕННОЙ РЕГИСТРАЦИИ
Код страны российская федерация
Номер 2021-72208
Номер Листа государственной регистраци КН-П-5724
035 ## - ДРУГИЕ СИСТЕМНЫЕ НОМЕРА
Идентификатор записи (RuMoRGB)010843291
035 ## - ДРУГИЕ СИСТЕМНЫЕ НОМЕРА
Идентификатор записи (NLR Aleph) 012704778
100 ## - ДАННЫЕ ОБЩЕЙ ОБРАБОТКИ
Данные общей обработки 20220210d2021 |||y0rusy50 ca
101 0# - ЯЗЫК РЕСУРСА
Язык текста, звукозаписи и т.д. русский
102 ## - СТРАНА ПУБЛИКАЦИИ ИЛИ ПРОИЗВОДСТВА
Страна публикации российская федерация
105 ## - ПОЛЕ КОДИРОВАННЫХ ДАННЫХ: ТЕКСТОВЫЕ МАТЕРИАЛЫ, МОНОГРАФИЧЕСКИЕ
Кодированные данные о монографическом текстовом документе a|||j|||000zy
181 #0 - ПОЛЕ КОДИРОВАННЫХ ДАННЫХ: ВИД СОДЕРЖАНИЯ
Код вида содержания (ISBD) i3
Код характеристики содержания (ISBD) axxe
182 #0 - ПОЛЕ КОДИРОВАННЫХ ДАННЫХ: ТИП СРЕДСТВА
Код типа средства (ISBD) n - непосредственное
200 1# - ЗАГЛАВИЕ И СВЕДЕНИЯ ОБ ОТВЕТСТВЕННОСТИ
Основное заглавие Технология бетона, строительных изделий и конструкций
Сведения, относящиеся к заглавию учебно-методическое пособие
-- для студентов направления 08.03.01 - Строительствоо, направленность "Производство и применение строительных материалов, изделий и конструкций"
Первые сведения об ответственности С. А. Лхасаранов, Е. В. Доржиева
Последующие сведения об ответственности Минобрнауки России, Федеральное государственное бюджетное образовательное учреждение высшего образования "Восточно-Сибирский государственный университет технологий и управления" (ВСГУТУ)
203 ## - ВИД СОДЕРЖАНИЯ И ТИП СРЕДСТВА
Вид содержания Текст
Дополнительные сведения об издании визуальный
Тип средства непосредственный
210 ## - ПУБЛИКАЦИЯ, РАСПРОСТРАНЕНИЕ И ДР.
Место издания, распространения и т.д. Улан-Удэ
Имя издателя, распространителя и т. д. Изд-во ВСГУТУ
Дата издания, распространения и т.д. 2021
215 ## - ФИЗИЧЕСКАЯ ХАРАКТЕРИСТИКА
Специфическое обозначение материала и объем 92, [1] с.
Другие сведения о физической характеристике ил., табл., цв. ил.
Размеры 21
320 ## - ПРИМЕЧАНИЯ О НАЛИЧИИ В ДОКУМЕНТЕ БИБЛИОГРАФИИ / УКАЗАТЕЛЯ
Текст примечания Библиогр.: с. 88-92 (50 назв.)
606 ## - НАИМЕНОВАНИЕ ТЕМЫ КАК ПРЕДМЕТ
Наименование темы Бетон
Тематический подзаголовок Производство
Код системы RuMoRKP
606 ## - НАИМЕНОВАНИЕ ТЕМЫ КАК ПРЕДМЕТ
Наименование темы Строительные изделия
Тематический подзаголовок Производство
Код системы RuMoRKP
606 ## - НАИМЕНОВАНИЕ ТЕМЫ КАК ПРЕДМЕТ
Наименование темы Строительные конструкции
Тематический подзаголовок Производство
Код системы RuMoRKP
606 ## - НАИМЕНОВАНИЕ ТЕМЫ КАК ПРЕДМЕТ
Наименование темы Строительство
Тематический подзаголовок Строительные материалы и изделия
-- Бетоны
-- Учебно-методическое пособие для высшей школы
Код системы rubbk
606 ## - НАИМЕНОВАНИЕ ТЕМЫ КАК ПРЕДМЕТ
Наименование темы Строительство
Тематический подзаголовок Технология строительного производства
-- Бетонные и железобетонные работы
-- Производство монолитных бетонных и железобетонных конструкций
-- Учебно-методическое пособие для высшей школы
Код системы rubbk
606 1# - НАИМЕНОВАНИЕ ТЕМЫ КАК ПРЕДМЕТ
Наименование темы Бетон
Формальный подзаголовок Учебно-методические пособия для высших учебных заведений
Тематический подзаголовок Производство
Системный номер авторитетной/нормативной записи 1139225
Идентификатор авторитетной/нормативной записи RU\NLR\AUTH\66134692
606 1# - НАИМЕНОВАНИЕ ТЕМЫ КАК ПРЕДМЕТ
Наименование темы Бетонные конструкции
Формальный подзаголовок Учебно-методические пособия для высших учебных заведений
Системный номер авторитетной/нормативной записи 1008676
Идентификатор авторитетной/нормативной записи RU\NLR\AUTH\6665929
606 1# - НАИМЕНОВАНИЕ ТЕМЫ КАК ПРЕДМЕТ
Наименование темы Бетон
Формальный подзаголовок Учебно-методические пособия для высших учебных заведений
Тематический подзаголовок Применение в транспортном строительстве
Системный номер авторитетной/нормативной записи 2323366
Идентификатор авторитетной/нормативной записи RU\NLR\AUTH\661389855
675 ## - УНИВЕРСАЛЬНАЯ ДЕСЯТИЧНАЯ КЛАССИФИКАЦИЯ (UDC/УДК)
Индекс 691.32(075.8)
Издание 4
686 1# - ИНДЕКСЫ ДРУГИХ КЛАССИФИКАЦИЙ
Индекс Н626.102я73-1
686 1# - ИНДЕКСЫ ДРУГИХ КЛАССИФИКАЦИЙ
Индекс Н53я73-1
686 1# - ИНДЕКСЫ ДРУГИХ КЛАССИФИКАЦИЙ
Индекс Н74-033.1я73-1
700 #1 - ИМЯ ЛИЦА - ПЕРВИЧНАЯ ОТВЕТСТВЕННОСТЬ
Начальный элемент ввода Лхасаранов
Часть имени, кроме начального элемента ввода С. А.
Расширение инициалов личного имени Солбон Александрович
701 #1 - ИМЯ ЛИЦА - АЛЬТЕРНАТИВНАЯ ОТВЕТСТВЕННОСТЬ
Начальный элемент ввода Доржиева
Часть имени, кроме начального элемента ввода Е. В.
Расширение инициалов личного имени Елизавета Валерьевна
942 ## - ДОПОЛНИТЕЛЬНЫЕ ЭЛЕМЕНТЫ ЗАПИСИ (АБИС)
Тип экземпляра АБИС Книга
980 ## - КОЛЛЕКЦИЯ
Название коллекции Национальная библиография
Экземпляры
Тип экземпляра Дата поступления Источник поступления Библиотека постоянного хранения Библиотека текущего хранения Место хранения Шифр хранения Штрих-код Статус не для выдачи
Книга 10.02.2022 Обязательный экземпляр РНБ (Московский) РНБ (Московский) Русский книжный фонд: издания с 1957 года, 8этаж, Хран. 2022-4/966 1-3681552